Двухэтапный метод улучшения изображений; Современные техника и технологии; Т. 2

Detaylı Bibliyografya
Parent link:Современные техника и технологии: 13-я Международная научно-практическая конференция студентов, аспирантов и молодых ученых, г. Томск, 26-30 марта 2007 г./ Томский политехнический университет (ТПУ).— , 2007
Т. 2.— 2007.— С. 282-284
Yazar: Белоусов А. А.
Diğer Yazarlar: Спицин В. Г.
Dil:Rusça
Baskı/Yayın Bilgisi: 2007
Konular:
Materyal Türü: Kitap Bölümü
KOHA link:https://koha.lib.tpu.ru/cgi-bin/koha/opac-detail.pl?biblionumber=221265

MARC

LEADER 00000naa2a2200000 4500
001 221265
005 20231031195626.0
035 |a (RuTPU)RU\TPU\book\241413 
090 |a 221265 
100 |a 20120908d2007 k y0rusy50 ca 
101 0 |a rus 
102 |a RU 
200 1 |a Двухэтапный метод улучшения изображений  |f А. А. Белоусов, В. Г. Спицин 
320 |a Библиогр.: 5 назв. 
461 0 |0 (RuTPU)RU\TPU\book\136926  |t Современные техника и технологии  |o 13-я Международная научно-практическая конференция студентов, аспирантов и молодых ученых, г. Томск, 26-30 марта 2007 г.  |o труды в 3 т.  |f Томский политехнический университет (ТПУ)  |d 2007 
463 0 |0 (RuTPU)RU\TPU\book\168909  |t Т. 2  |v С. 282-284  |d 2007  |p 492 с. 
610 1 |a изображения 
610 1 |a качество 
610 1 |a предварительная обработка 
610 1 |a методы 
610 1 |a структуры 
610 1 |a формулы 
610 1 |a труды учёных ТПУ 
700 1 |a Белоусов  |b А. А. 
701 1 |a Спицин  |b В. Г. 
801 1 |a RU  |b 63413507  |c 20120908 
942 |c BK